| 000 | 00000nam 2200000zi 4500 |
| 001 | 9.947155 |
| 003 | CaOODSP |
| 005 | 20250120154525 |
| 006 | m o d f |
| 007 | cr mn||||||||| |
| 008 | 250120e199302 onc o f000 0 fre d |
| 040 | |aCaOODSP|bfre|erda|cCaOODSP |
| 043 | |an-cn--- |
| 086 | 1 |aCo22-781/1993F-PDF |
| 245 | 03|aUn investissement dans l'avenir : |bl'apprentissage par le biais des technologies des communications : rapport sur le séminaire tenu le 15 décembre 1992, Le Salon, Centre national des arts, Ottawa (Ontario). |
| 264 | 1|a[Ottawa] : |bPlanification de la politique stratégique, Direction générale de la stratégie et de la planification, Communications Canada, |cfévrier 1993. |
| 300 | |a1 ressource en ligne (v, 17, 5 pages) |
| 336 | |atexte|btxt|2rdacontent/fre |
| 337 | |ainformatique|bc|2rdamedia/fre |
| 338 | |aressource en ligne|bcr|2rdacarrier/fre |
| 500 | |aÉdition numérisée de l'imprimé [par Innovation, sciences et développement économique Canada]. |
| 500 | |aPublié aussi en anglais sous le titre : Investing in the future : learning through communications technologies : report on the DOC Strategic Planning Seminar held on December 15, 1992, Le Salon, National Arts Centre, Ottawa, Ontario. |
| 610 | 16|aCanada. |bCommunications Canada|xPlanification. |
| 650 | 6|aTélécommunications|xPolitique gouvernementale|zCanada. |
| 710 | 1 |aCanada. |bCommunications Canada, |eorganisme de publication. |
| 775 | 08|tInvesting in the future : |w(CaOODSP)9.939985 |
| 856 | 40|qPDF|s775 Ko|uhttps://publications.gc.ca/collections/collection_2025/isde-ised/co22/Co22-781-1993-fra.pdf |